[Event "GER-chT U12"]
[Site "Magdeburg"]
[Date "2023.12.30"]
[Round "7.10"]
[White "Muegschl, Frederick"]
[Black "He, Fabian"]
[Result "1-0"]
[WhiteElo "1097"]
[BlackElo "993"]
[PlyCount "89"]
[EventDate "2023.12.26"]
[EventType "team-swiss"]
[EventRounds "7"]
[EventCountry "GER"]
[SourceTitle "CB03_2024"]
[SourceDate "2024.01.17"]
[SourceVersion "1"]
[SourceVersionDate "2024.01.17"]
[SourceQuality "1"]
[WhiteTeam "Tegernsee"]
[BlackTeam "Karlsruhe SF"]
[WhiteTeamCountry "GER"]
[BlackTeamCountry "GER"]

1. e4 e5 2. Nf3 Nc6 3. d4 exd4 4. Nxd4 Bc5 5. Be3 Qf6 6. c3 a6 7. Bc4 d6 8. 0-0 Nge7 9. Qa4 Rb8 10. Nxc6 Nxc6 11. Qb3 0-0 12. Bxc5 dxc5 13. Nd2 Qg5 14. Nf3 Qg6 15. Kh1 Qxe4 16. Bxf7+ Rxf7 17. Qxf7+ Kxf7 18. Ng5+ Kg8 19. Nxe4 Bf5 20. Nxc5 Ne5 21. f4 Ng4 22. Rae1 Rd8 23. h3 Nf6 24. g4 Bd7 25. Nxb7 Bc6+ 26. Kh2 Bxb7 27. g5 Rd2+ 28. Kg3 Rd3+ 29. Kf2 Ne4+ 30. Ke2 Rxh3 31. Kd1 Rh2 32. Kc1 a5 33. Rd1 a4 34. a3 Nd6 35. f5 Nc4 36. Rd8+ Kf7 37. Rfd1 Bc6 38. Rc8 Bb5 39. Rxc7+ Ke8 40. Rc8+ Ke7 41. Rc7+ Ke8 42. f6 Rg2 43. f7+ Kf8 44. Rd8+ Be8 45. Rxe8# 1-0